The Jane Addams reader /

Bibliographic Details
Other Authors: Elshtain, Jean Bethke, 1941-2013
Format: Book
Language:English
Published: New York : Basic Books, [2002]
Subjects:

MARC

Tag First Indicator Second Indicator Subfields
LEADER 00000cam a22000004a 4500
001 in00001646813
005 20151023113923.0
008 010919s2002 nyu b 001 0 eng
010 |a  2001043839 
020 |a 0465019153 (alk. paper) 
035 |a (OCoLC)ocm48033001 
040 |a DLC  |c DLC  |d C#P  |d UtOrBLW 
042 |a pcc 
043 |a n-us---  |a n-us-il 
049 |a TXAM 
050 0 0 |a HV28.A35  |b J36 2002 
082 0 0 |a 361.92  |a B  |2 21 
245 0 4 |a The Jane Addams reader /  |c edited by Jean Bethke Elshtain. 
264 1 |a New York :  |b Basic Books,  |c [2002] 
264 4 |c ©2002 
300 |a xl, 488 pages ;  |c 24 cm. 
336 |a text  |b txt  |2 rdacontent 
337 |a unmediated  |b n  |2 rdamedia 
338 |a volume  |b nc  |2 rdacarrier 
504 |a Includes bibliographical references (pages 449-474) and index. 
600 1 0 |a Addams, Jane,  |d 1860-1935  |x Political and social views. 
650 0 |a Women social workers  |z United States  |v Biography. 
650 0 |a Women social reformers  |z United States  |v Biography. 
610 2 0 |a Hull-House (Chicago, Ill.)  |x History. 
700 1 |a Elshtain, Jean Bethke,  |d 1941-2013. 
945 |i PromptCat 
948 |a cataloged  |b h  |c 2002/1/28  |d c  |e cmulkey  |f 3:09:24 pm 
994 |a 92  |b TXA 
999 |a MARS 
999 f f |s 8805a4a7-5273-3951-8adb-31198918b561  |i 8cec692f-9ee4-3a69-9bb3-144f4b6d5d8a  |t 0 
952 f f |p normal  |a Texas A&M University  |b College Station  |c Sterling C. Evans Library  |d Evans: Library Stacks  |t 0  |e HV28.A35 J36 2002  |h Library of Congress classification  |i unmediated -- volume  |m A14828390060 
998 f f |a HV28.A35 J36 2002  |t 0  |l Evans: Library Stacks